000 00472nam a2200193Ia 4500
005 20240823022440.0
008 240823s9999||||xx |||||||||||||| ||und||
020 _a81-317-1029-7
041 _aENGLISH
082 _A658.1511 P8
100 _aAmbrish Gupta
245 0 _aFinancial Accounting for Management
250 _a2nd
260 _c2008
_b"Pearson,"
500 _aYES
650 _aFinancial Accounting
_bManagement Studies
942 _cBK
999 _c179190
_d179190